[Event "Torneo Nazionale A"]
[Site "Fiuggi ITA"]
[Date "2000.10.20"]
[Round "1"]
[White "Chilingirova, Pavlina"]
[Black "Spano' Cuomo, Gaetano"]
[Result "1-0"]
[WhiteElo "2269"]
[BlackElo "2035"]
[PlyCount "67"]
[EventDate "2000.10.20"]

1. c4 c5 2. Nc3 Nf6 3. g3 Nc6 4. Bg2 e6 5. Nf3 Be7 6. O-O d5 7. cxd5 Nxd5 8. d3
O-O 9. e3 Nxc3 10. bxc3 Qc7 11. Qc2 b6 12. Bb2 c4 13. d4 Bb7 14. Nd2 Rad8 15.
Nxc4 Ba6 16. Qa4 Na5 17. Nxa5 Bxf1 18. Rxf1 bxa5 19. c4 Rb8 20. Qc2 Qb6 21. Ba1
Rfc8 22. c5 Qb4 23. Be4 f5 24. Bd3 Qb7 25. Bc4 Rc6 26. Qxf5 Rf8 27. Bxe6+ Kh8
28. Qe4 Qc7 29. Bc4 Qd7 30. Bb5 Re6 31. Bxd7 Rxe4 32. Bc3 Rb8 33. Rc1 Bxc5 34.
dxc5 1-0

[Event "Torneo Nazionale A"]
[Site "Fiuggi ITA"]
[Date "2000.10.20"]
[Round "1"]
[White "Farina, Saverio"]
[Black "Papetti, Francesco"]
[Result "1/2-1/2"]
[WhiteElo "2163"]
[BlackElo "1822"]
[PlyCount "111"]
[EventDate "2000.10.20"]

1. c4 Nf6 2. Nc3 c5 3. e3 e6 4. d4 d5 5. a3 a5 6. Nf3 Nc6 7. Be2 Be7 8. O-O O-O
9. b3 b6 10. cxd5 Nxd5 11. Nxd5 Qxd5 12. dxc5 Bf6 13. Ra2 bxc5 14. Rd2 Qf5 15.
Bd3 Qh5 16. Be4 Bb7 17. Qc2 Rad8 18. Rfd1 Rxd2 19. Nxd2 Nd8 20. Bxb7 Nxb7 21.
Nc4 Rd8 22. Rxd8+ Bxd8 23. Bb2 Bc7 24. h3 h6 25. a4 Qd5 26. Bc3 f5 27. f3 g6
28. Qd2 Qxd2 29. Bxd2 e5 30. e4 h5 31. Bc3 Nd6 32. Nxd6 Bxd6 33. Bxa5 Kf7 34.
exf5 gxf5 35. Kf2 Ke6 36. Ke3 Kd5 37. Kd3 Be7 38. g4 hxg4 39. hxg4 e4+ 40.
fxe4+ fxe4+ 41. Ke2 c4 42. bxc4+ Kxc4 43. Bd2 Bf6 44. a5 Kb5 45. Kf2 Bh4+ 46.
Ke2 Bf6 47. Be1 Bg5 48. Kd1 Bf6 49. Kc2 Bg5 50. Bd2 Bf6 51. Kb3 Bd8 52. Bc3 Bh4
53. Kc2 Bg5 54. Kd1 Ka6 55. Ke2 Kb5 56. Bd2 1/2-1/2

[Event "Torneo Nazionale A"]
[Site "Fiuggi ITA"]
[Date "2000.10.20"]
[Round "1"]
[White "Massa, Salvenrico"]
[Black "Ausmins, Elmar"]
[Result "1-0"]
[WhiteElo "1762"]
[BlackElo "2324"]
[PlyCount "84"]
[EventDate "2000.10.20"]

1. c4 e5 2. Nc3 Nf6 3. Nf3 Nc6 4. g3 Bc5 5. Bg2 e4 6. Nh4 Qe7 7. O-O Qe6 8. d3
e3 9. fxe3 Bxe3+ 10. Bxe3 Qxe3+ 11. Kh1 d6 12. Rxf6 gxf6 13. Nd5 Qf2 14. Nxc7+
Kd8 15. Nxa8 Bg4 16. Bf3 Bxf3+ 17. Nxf3 Re8 18. Ng1 Qd4 19. Qf1 Kc8 20. Qf5+
Kb8 21. Rf1 Kxa8 22. Qxf6 Ne5 23. b4 a6 24. a4 Re6 25. Qf2 Qb2 26. b5 a5 27. h4
h5 28. Qf4 Qa2 29. Qg5 Re8 30. Qxh5 Qxa4 31. Rf5 Qa1 32. b6 a4 33. Rxf7 Nxf7
34. Qxf7 Rh8 35. Qe7 Qd1 36. Qxd6 Qe1 37. Qc5 Qa1 38. Qa5+ Kb8 39. Qa7+ Kc8 40.
Qa8+ Kd7 41. Qxb7+ Kd6 42. Qd5+ 42... Ke7 {...} 1-0

[Event "Torneo Nazionale A"]
[Site "Fiuggi ITA"]
[Date "2000.10.20"]
[Round "1"]
[White "Passerotti, Pierluigi"]
[Black "Cetkovic, Sergio"]
[Result "1-0"]
[WhiteElo "2265"]
[BlackElo "2192"]
[PlyCount "85"]
[EventDate "2000.10.20"]

1. d4 d6 2. e4 g6 3. Nc3 Bg7 4. Bc4 Nf6 5. Be3 O-O 6. f3 c6 7. Bb3 b5 8. Qd2 a5
9. a3 Nbd7 10. d5 Bb7 11. dxc6 Bxc6 12. Nge2 Nc5 13. Nd4 Nxb3 14. cxb3 Qd7 15.
Nxc6 Qxc6 16. Rc1 Qb7 17. Qd3 b4 18. Nb5 Rfc8 19. Kf2 Nd7 20. a4 Bxb2 21. Rc2
Bg7 22. Rhc1 Ne5 23. Qd2 Rxc2 24. Qxc2 h5 25. Qc7 Nd3+ 26. Kf1 Qxc7 27. Rxc7
Bf6 28. Ke2 Nc5 29. Bxc5 dxc5 30. Rxc5 e6 31. Nd6 Be7 32. Rc8+ Rxc8 33. Nxc8
Bc5 34. Kd3 f5 35. Kc4 Bg1 36. h3 Kg7 37. Kb5 Kf6 38. Kxa5 fxe4 39. fxe4 Ke5
40. Kxb4 Kxe4 41. a5 Kd5 42. Kb5 e5 43. Nb6+ 1-0

[Event "Torneo Nazionale A"]
[Site "Fiuggi ITA"]
[Date "2000.10.20"]
[Round "1"]
[White "Rigo, Gianfrancesco"]
[Black "Deruda, Leonardo"]
[Result "1-0"]
[WhiteElo "1855"]
[BlackElo "1702"]
[PlyCount "71"]
[EventDate "2000.10.20"]

1. Nf3 g6 2. g3 Bg7 3. Bg2 d6 4. d4 Nf6 5. O-O O-O 6. b3 Nbd7 7. Bb2 Re8 8. h3
c6 9. a4 Qc7 10. Na3 e5 11. dxe5 dxe5 12. Nc4 e4 13. Ng5 Nb6 14. Qd6 Qe7 15.
Qxe7 Rxe7 16. Ba3 Nxc4 17. Bxe7 Nd5 18. Rad1 Nb2 19. Ba3 Nxd1 20. Rxd1 h6 21.
Nxe4 Bf5 22. c4 Bxe4 23. cxd5 cxd5 24. Rc1 Bxg2 25. Kxg2 a6 26. Rc7 b5 27. Bc5
bxa4 28. bxa4 Be5 29. Rd7 Rc8 30. Rxd5 Bc3 31. Kf3 Rc6 32. Bd6 Kg7 33. Rd3 Rc4
34. e3 Bb2 35. Rb3 Bc3 36. Rxc3 1-0

[Event "Torneo Nazionale A"]
[Site "Fiuggi ITA"]
[Date "2000.10.20"]
[Round "1"]
[White "Santoro, Luca"]
[Black "Dell'Accio, Cataldo"]
[Result "1/2-1/2"]
[WhiteElo "1747"]
[BlackElo "2108"]
[PlyCount "99"]
[EventDate "2000.10.20"]

1. d4 g6 2. c4 Bg7 3. Nc3 Nc6 4. Nf3 d6 5. e3 e5 6. d5 Nce7 7. e4 f5 8. Bd3 Nf6
9. Ng5 h6 10. Nf3 f4 11. g3 g5 12. h4 g4 13. Nh2 fxg3 14. fxg3 O-O 15. Be2 h5
16. O-O c6 17. Be3 cxd5 18. cxd5 Bd7 19. Qd2 Qe8 20. Rf2 Qg6 21. Bd3 b5 22. a3
a5 23. Bg5 b4 24. Na2 bxa3 25. bxa3 Kh7 26. Bxf6 Rxf6 27. Rxf6 Qxf6 28. Nc3 Bh6
29. Qe2 Ng6 30. Nf1 Kg7 31. Ne3 Nf4 32. gxf4 exf4 33. e5 Qxe5 34. Nf5+ Bxf5 35.
Qxe5+ dxe5 36. Bxf5 Rb8 37. Ne4 f3 38. d6 Be3+ 39. Kf1 Kf7 40. d7 Ke7 41. Rd1
Bd4 42. Rc1 Rb2 43. Ng3 Rg2 44. d8=Q+ Kxd8 45. Rc8+ Ke7 46. Rc7+ Kd6 47. Rd7+
Kc6 48. Rxd4 exd4 49. Nxh5 Kc5 50. Nf4 1/2-1/2

[Event "Torneo Nazionale A"]
[Site "Fiuggi ITA"]
[Date "2000.10.20"]
[Round "1"]
[White "Scipioni, Gaetano"]
[Black "Di Lascio, Savino"]
[Result "1-0"]
[WhiteElo "1881"]
[BlackElo "1759"]
[PlyCount "117"]
[EventDate "2000.10.20"]

1. d4 Nf6 2. Nf3 b6 3. Bf4 Bb7 4. e3 g6 5. Nbd2 Bg7 6. Be2 O-O 7. h3 d6 8. O-O
Nbd7 9. c3 h6 10. Qc2 c5 11. Bh2 Rc8 12. Qb3 Qc7 13. a4 a6 14. Rfe1 Kh7 15. Qa3
Qb8 16. Rab1 Qa8 17. Rbc1 Ne8 18. Bf1 f5 19. Qb3 Nc7 20. Qc2 Nf6 21. Bd3 Ne4
22. Nh4 Ne6 23. f3 Bf6 24. fxe4 Bxh4 25. g3 Bf6 26. exf5 Ng5 27. fxg6+ Kg7 28.
Bf1 cxd4 29. h4 dxe3 30. hxg5 Bd4 31. gxh6+ Kxh6 32. Nb3 Be4 33. Qd1 Bh1 34.
Bh3 Rf2 35. Re2 Bf3 36. Qxd4 Rxe2 37. Qh4+ Bh5 38. g4 Qd5 39. Qxh5+ Qxh5 40.
gxh5 Rf8 41. Rf1 Rxf1+ 42. Bxf1 Rxb2 43. Nd4 Rf2 44. Bxa6 e5 45. Ne2 Rf8 46.
Ng3 d5 47. Bd3 e4 48. Bc2 Rc8 49. Nf5+ Kxh5 50. Nxe3 Kxg6 51. Nxd5 Rd8 52. c4
Kf5 53. Bc7 Rh8 54. Bxb6 Ke5 55. a5 Rg8+ 56. Kf2 Rf8+ 57. Ke2 Rh8 58. a6 Rh4
59. Bf2 {...} 1-0

[Event "Torneo Nazionale A"]
[Site "Fiuggi ITA"]
[Date "2000.10.20"]
[Round "1"]
[White "Vigile, Matteo"]
[Black "Blonna, Michele"]
[Result "1-0"]
[WhiteElo "1771"]
[BlackElo "1812"]
[PlyCount "63"]
[EventDate "2000.10.20"]

1. e4 c5 2. c3 d6 3. d4 Nf6 4. Bd3 cxd4 5. cxd4 Nc6 6. d5 Ne5 7. f4 Nxd3+ 8.
Qxd3 Qc7 9. Nc3 Bd7 10. Nf3 g6 11. Be3 Bg7 12. Rc1 Rc8 13. O-O Qb8 14. e5 Ng4
15. Ne4 O-O 16. exd6 Nxe3 17. Qxe3 exd6 18. Nd4 Rce8 19. f5 Be5 20. f6 Bxd4 21.
Qxd4 Re5 22. Qe3 Kh8 23. Qh6 Rg8 24. Ng5 Rxg5 25. Qxg5 Qf8 26. Rc7 Bb5 27. Re1
h6 28. Qg3 h5 29. Ree7 Be8 30. Qg5 Kh7 31. Rxb7 a5 32. Rb8 1-0

[Event "Torneo Nazionale A"]
[Site "Fiuggi ITA"]
[Date "2000.10.20"]
[Round "2"]
[White "Chilingirova, Pavlina"]
[Black "Passerotti, Pierluigi"]
[Result "1/2-1/2"]
[WhiteElo "2269"]
[BlackElo "2265"]
[PlyCount "105"]
[EventDate "2000.10.20"]

1. c4 f5 2. d4 Nf6 3. g3 g6 4. Bg2 Bg7 5. Nh3 d6 6. d5 Na6 7. O-O O-O 8. Nf4
Ng4 9. Qc2 Bd7 10. Nc3 c6 11. b3 Rc8 12. Bb2 Qe8 13. Rad1 g5 14. Nd3 Qg6 15. h3
Ne5 16. f4 Nxd3 17. Qxd3 Nc5 18. Qc2 Kh8 19. Kh2 Rg8 20. Rg1 Qh6 21. e3 Bf6 22.
Ne2 Ne4 23. Bxf6+ Nxf6 24. Qb2 c5 25. Bf3 gxf4 26. gxf4 Rxg1 27. Rxg1 Rg8 28.
Rxg8+ Kxg8 29. Kg2 Qg7+ 30. Ng3 Nh5 31. Qxg7+ Nxg7 32. Kf2 b5 33. cxb5 Bxb5 34.
Be2 Bd7 35. Bd3 Kf7 36. Ke2 Kf6 37. a3 a5 38. Nf1 a4 39. bxa4 Bxa4 40. Nd2 Ne8
41. Bc4 Nc7 42. Nb1 e6 43. dxe6 d5 44. Nc3 Bc6 45. Bb3 Kxe6 46. e4 fxe4 47.
Nxe4 c4 48. Ng5+ Kf5 49. Bc2+ Kxf4 50. Nxh7 Nb5 51. Bg6 Nxa3 52. Bf7 Nb5 53.
Kd2 {...} 1/2-1/2

[Event "Torneo Nazionale A"]
[Site "Fiuggi ITA"]
[Date "2000.10.20"]
[Round "2"]
[White "Deruda, Leonardo"]
[Black "Ausmins, Elmar"]
[Result "0-1"]
[WhiteElo "1702"]
[BlackElo "2324"]
[PlyCount "80"]
[EventDate "2000.10.20"]

1. Nf3 Nf6 2. g3 g6 3. Bg2 Bg7 4. O-O O-O 5. d3 d6 6. e4 c5 7. Nbd2 Nc6 8. a4
Rb8 9. Nc4 Nd7 10. c3 b6 11. Qe2 a6 12. Nfd2 b5 13. axb5 axb5 14. Ne3 b4 15.
cxb4 Nxb4 16. Ndc4 Nb6 17. f4 Nxc4 18. Nxc4 e6 19. e5 dxe5 20. Nxe5 Bb7 21. Be3
Bxe5 22. fxe5 Qxd3 23. Qf2 Bxg2 24. Kxg2 Qe4+ 25. Kg1 Nd3 26. Qe2 Rxb2 27. Qf3
Qxf3 28. Rxf3 Nxe5 29. Rff1 Rc8 30. Ra7 Re2 31. Bg5 c4 32. Bf6 Rf8 33. Be7 c3
34. Bxf8 Kxf8 35. Rc7 c2 36. Rc1 Nf3+ 37. Kf1 Nd4 38. Rc4 Rxh2 39. Re1 Nb3 40.
Kg1 Rd2 0-1

[Event "Torneo Nazionale A"]
[Site "Fiuggi ITA"]
[Date "2000.10.20"]
[Round "2"]
[White "Di Lascio, Savino"]
[Black "Cetkovic, Sergio"]
[Result "0-1"]
[WhiteElo "1759"]
[BlackElo "2192"]
[PlyCount "104"]
[EventDate "2000.10.20"]

1. Nf3 d5 2. g3 g6 3. Bg2 Bg7 4. O-O c6 5. d3 Nf6 6. Nbd2 O-O 7. e4 dxe4 8.
dxe4 Qb6 9. c3 Nbd7 10. Qe2 Ng4 11. Rd1 Nde5 12. Nxe5 Nxe5 13. Nb3 Bg4 14. Qe1
Bxd1 15. Be3 Qc7 16. Rxd1 Nc4 17. Bc1 Rad8 18. Nd4 c5 19. Nc2 Rxd1 20. Qxd1 Rd8
21. Qe2 Ne5 22. f4 Nc6 23. Ne3 Qd7 24. e5 Qd3 25. Qxd3 Rxd3 26. Bxc6 bxc6 27.
Kf2 f6 28. Ke2 Rd8 29. Nc4 fxe5 30. fxe5 Rd5 31. Bf4 Kf7 32. Ke3 Ke6 33. Ke4
Rd1 34. g4 Re1+ 35. Kf3 Ra1 36. a3 Rb1 37. Bg3 Bh6 38. Bf2 Kd5 39. Na5 c4 40.
Nb7 Rxb2 41. Nd8 Bg7 42. e6 a5 43. Bh4 Bf8 44. Nf7 Kxe6 45. Ng5+ Kd7 46. Nf7
Bg7 47. Be1 Rxh2 48. Bg3 Ra2 49. Ke4 Ke6 50. Nd8+ Kd7 51. Nxc6 Ke6 52. Nxa5
Rxa3 0-1

[Event "Torneo Nazionale A"]
[Site "Fiuggi ITA"]
[Date "2000.10.20"]
[Round "2"]
[White "Farina, Saverio"]
[Black "Scipioni, Gaetano"]
[Result "1-0"]
[WhiteElo "2163"]
[BlackElo "1881"]
[PlyCount "67"]
[EventDate "2000.10.20"]

1. c4 e5 2. e3 d6 3. d4 Nd7 4. Nc3 Ngf6 5. Nf3 Be7 6. Be2 c6 7. O-O O-O 8. Qc2
Qc7 9. b3 g6 10. Bb2 Nh5 11. c5 Ng7 12. cxd6 Bxd6 13. Ne4 exd4 14. Nxd6 Qxd6
15. Nxd4 Nf6 16. Rad1 Qe7 17. Qc1 c5 18. Nb5 Be6 19. Qa1 Nfe8 20. Rd2 a6 21.
Nc3 Rd8 22. Rfd1 Rxd2 23. Rxd2 f5 24. Bf3 Nf6 25. Qd1 Rf7 26. Nd5 Nxd5 27. Bxd5
Bxd5 28. Rxd5 Ne6 29. Be5 b6 30. h3 Qb7 31. Qd3 Nf8 32. Rd6 b5 33. Bb2 Qe4 34.
Qc3 1-0

[Event "Torneo Nazionale A"]
[Site "Fiuggi ITA"]
[Date "2000.10.20"]
[Round "2"]
[White "Massa, Salvenrico"]
[Black "Avolio, Giovanni"]
[Result "1/2-1/2"]
[WhiteElo "1762"]
[BlackElo "1828"]
[PlyCount "105"]
[EventDate "2000.10.20"]

1. c4 Nf6 2. Nc3 g6 3. Nf3 Bg7 4. g3 d6 5. Bg2 c5 6. O-O Nc6 7. d3 O-O 8. h3 a6
9. Kh2 Bd7 10. a3 Rb8 11. Rb1 b5 12. cxb5 axb5 13. e4 b4 14. axb4 Nxb4 15. e5
Ne8 16. exd6 exd6 17. Bg5 Nf6 18. Ne4 Bc6 19. Re1 Nbd5 20. Nfd2 Qd7 21. Nc4 Ne8
22. h4 h6 23. Bd2 Qc7 24. h5 g5 25. Bh3 f5 26. Nc3 Nb4 27. Bf1 d5 28. Na3 f4
29. Qe2 fxg3+ 30. fxg3 Bd7 31. Bg2 Nf6 32. Bf3 d4 33. Ne4 Nxe4 34. Bxe4 Rbe8
35. Bxb4 cxb4 36. Nc4 Kh8 37. Rf1 Bf5 38. b3 Qe7 39. Rbe1 Qd7 40. Qg2 Bxe4 41.
Rxf8+ Rxf8 42. Rxe4 Qf5 43. Nd6 Qd5 44. Nc4 Qf7 45. g4 Qf3 46. Qe2 Kg8 47. Ne5
Bxe5+ 48. Rxe5 Qxe2+ 49. Rxe2 Rf3 50. Rd2 Kf7 51. Kg2 Re3 52. Kf2 Ke6 53. Re2
1/2-1/2

[Event "Torneo Nazionale A"]
[Site "Fiuggi ITA"]
[Date "2000.10.20"]
[Round "2"]
[White "Papetti, Francesco"]
[Black "Santoro, Luca"]
[Result "0-1"]
[WhiteElo "1822"]
[BlackElo "1747"]
[PlyCount "61"]
[EventDate "2000.10.20"]

1. d4 d5 2. c4 c6 3. cxd5 cxd5 4. Nf3 Nc6 5. Nc3 Nf6 6. a3 Bf5 7. Bg5 e6 8. e3
Qb6 9. Qd2 Be7 10. Nh4 Bg6 11. Be2 O-O 12. Nxg6 hxg6 13. h4 Rfd8 14. h5 gxh5
15. Bxh5 e5 16. dxe5 Nxe5 17. Bxf6 Qxf6 18. Nxd5 Rxd5 19. Qxd5 Rd8 20. Bxf7+
Nxf7 21. Qxb7 g6 22. Rc1 Ne5 23. O-O Rd7 24. Rc8+ Bd8 25. Qb3+ Kg7 26. Rd1
Rxd1+ 27. Qxd1 Bb6 28. Qd5 Nf7 29. Qb3 Qf5 30. Qc3+ Qf6 31. Rg8+ 0-1

[Event "Torneo Nazionale A"]
[Site "Fiuggi ITA"]
[Date "2000.10.20"]
[Round "2"]
[White "Rigo, Gianfrancesco"]
[Black "Vigile, Matteo"]
[Result "1/2-1/2"]
[WhiteElo "1855"]
[BlackElo "1771"]
[PlyCount "70"]
[EventDate "2000.10.20"]

1. Nf3 d6 2. d4 Nf6 3. b3 g6 4. Bb2 Bg7 5. g3 O-O 6. Bg2 c5 7. O-O Nc6 8. d5
Na5 9. c4 b5 10. Nbd2 bxc4 11. bxc4 Rb8 12. Bc3 Nd7 13. Bxg7 Kxg7 14. Qc2 Ba6
15. Rab1 Qc7 16. Rfc1 Kg8 17. Qc3 Rxb1 18. Rxb1 Rb8 19. Rxb8+ Nxb8 20. e3 Nd7
21. Bh3 Nf6 22. e4 Qb6 23. e5 Ne8 24. Bd7 Nc7 25. exd6 exd6 26. Qf6 Bxc4 27.
Nxc4 Nxc4 28. Ng5 Ne5 29. Be6 Nxe6 30. dxe6 fxe6 31. Qxe6+ Kg7 32. Qe7+ Kg8 33.
Qe8+ Kg7 34. Qe7+ Kg8 35. Qe8+ Kg7 1/2-1/2

[Event "Torneo Nazionale A"]
[Site "Fiuggi ITA"]
[Date "2000.10.20"]
[Round "2"]
[White "Spano' Cuomo, Gaetano"]
[Black "Dell'Accio, Cataldo"]
[Result "1-0"]
[WhiteElo "2035"]
[BlackElo "2108"]
[PlyCount "61"]
[EventDate "2000.10.20"]

1. d4 g6 2. e4 Bg7 3. f4 d5 4. e5 Nh6 5. Nf3 O-O 6. Bd3 Nc6 7. c3 f6 8. Nbd2
fxe5 9. fxe5 Bf5 10. Nf1 e6 11. Bg5 Qd7 12. Ne3 Nf7 13. Bf4 Ne7 14. Nxf5 Nxf5
15. Bxf5 exf5 16. Qd2 Nd8 17. Bh6 Ne6 18. O-O f4 19. Bxg7 Kxg7 20. Rac1 g5 21.
h3 Rad8 22. g4 b6 23. Kf2 c5 24. Rh1 h6 25. h4 Rh8 26. Rcd1 Qf7 27. Qc2 cxd4
28. Nxd4 Nc5 29. Nf5+ Kg8 30. hxg5 Ne4+ 31. Qxe4 1-0

[Event "Torneo Nazionale A"]
[Site "Fiuggi ITA"]
[Date "2000.10.21"]
[Round "3"]
[White "Avolio, Giovanni"]
[Black "Passerotti, Pierluigi"]
[Result "0-1"]
[WhiteElo "1828"]
[BlackElo "2265"]
[PlyCount "78"]
[EventDate "2000.10.20"]

1. c4 f5 2. Nc3 e5 3. g3 Nf6 4. Bg2 c6 5. Nf3 d6 6. O-O Be6 7. b3 g6 8. d4 e4
9. Ng5 Bg8 10. f3 d5 11. fxe4 dxe4 12. e3 Na6 13. Bb2 Bg7 14. Qe2 Qe7 15. Rf4
O-O-O 16. Ncxe4 fxe4 17. Nxe4 Nh5 18. Rh4 Be6 19. Rd1 Kb8 20. Nf2 Rhe8 21. e4
Bf6 22. Rxh5 gxh5 23. Qxh5 Nb4 24. Ba3 Bf7 25. Qa5 Bxd4 26. Rxd4 Rxd4 27. Bxb4
Qd7 28. Bh3 Be6 29. Qe5+ Ka8 30. Bxe6 Rxe6 31. Qf5 Re8 32. Qf3 Qe6 33. Bc3 Rxe4
34. Nxe4 Qxe4 35. Qxe4 Rxe4 36. Kf2 c5 37. Kf3 Re6 38. b4 Ra6 39. bxc5 Ra3 0-1

[Event "Torneo Nazionale A"]
[Site "Fiuggi ITA"]
[Date "2000.10.21"]
[Round "3"]
[White "Blonna, Michele"]
[Black "Rigo, Gianfrancesco"]
[Result "1-0"]
[WhiteElo "1812"]
[BlackElo "1855"]
[PlyCount "57"]
[EventDate "2000.10.20"]

1. e4 e6 2. d4 d5 3. e5 c5 4. c3 Nc6 5. Nf3 Qb6 6. a3 a5 7. Be2 Nh6 8. O-O cxd4
9. cxd4 Nf5 10. Nc3 Nfxd4 11. Be3 Nxf3+ 12. Bxf3 Qxb2 13. Na4 Qxe5 14. g3 g5
15. Re1 Qf5 16. Nb6 Rb8 17. Nxd5 Be7 18. Nc7+ Kf8 19. Rb1 Kg7 20. Bxc6 Rd8 21.
Qa4 Bd6 22. Rb5 e5 23. Ne8+ Kg8 24. Be4 Qh3 25. Nxd6 Rxd6 26. Rxe5 Bd7 27.
Rxg5+ Kh8 28. Qxa5 Rh6 29. Qe5+ 1-0

[Event "Torneo Nazionale A"]
[Site "Fiuggi ITA"]
[Date "2000.10.21"]
[Round "3"]
[White "Cetkovic, Sergio"]
[Black "Scipioni, Gaetano"]
[Result "1-0"]
[WhiteElo "2192"]
[BlackElo "1881"]
[PlyCount "39"]
[EventDate "2000.10.20"]

1. e4 d6 2. d4 Nf6 3. Nc3 c6 4. Bd3 e5 5. Nf3 Nbd7 6. O-O Be7 7. h3 O-O 8. Qe2
Qc7 9. Be3 Re8 10. Rad1 a6 11. a4 b6 12. Bc4 b5 13. axb5 axb5 14. dxe5 dxe5 15.
Bb3 b4 16. Bxf7+ Kxf7 17. Qc4+ Nd5 18. Nxd5 Ba6 19. Nxc7+ Bxc4 20. Rfe1 1-0

[Event "Torneo Nazionale A"]
[Site "Fiuggi ITA"]
[Date "2000.10.21"]
[Round "3"]
[White "Dell'Accio, Cataldo"]
[Black "Ausmins, Elmar"]
[Result "0-1"]
[WhiteElo "2108"]
[BlackElo "2324"]
[PlyCount "58"]
[EventDate "2000.10.20"]

1. Nf3 Nf6 2. e3 g6 3. d4 Bg7 4. Bd3 O-O 5. O-O d6 6. Nbd2 c5 7. c3 Nc6 8. Re1
e5 9. dxc5 dxc5 10. Qc2 Nd5 11. e4 Ndb4 12. cxb4 Nxb4 13. Qc3 Qxd3 14. Re3 Qxc3
15. Rxc3 b6 16. a3 Nc6 17. b4 Nd4 18. Kf1 Ba6+ 19. Ke1 Ne2 20. Re3 Nf4 21. Kd1
Nxg2 22. Rc3 cxb4 23. axb4 Bb5 24. Rc7 a6 25. Nc4 Rfd8+ 26. Bd2 Rd3 27. Ne1
Nxe1 28. Kxe1 Rad8 29. Be3 Bf8 0-1

[Event "Torneo Nazionale A"]
[Site "Fiuggi ITA"]
[Date "2000.10.21"]
[Round "3"]
[White "Deruda, Leonardo"]
[Black "Di Lascio, Savino"]
[Result "0-1"]
[WhiteElo "1702"]
[BlackElo "1759"]
[PlyCount "112"]
[EventDate "2000.10.20"]

1. g3 Nf6 2. Bg2 d5 3. Nf3 Bf5 4. d3 e6 5. O-O Bc5 6. b3 O-O 7. Bb2 Nbd7 8.
Nbd2 h6 9. Qe1 Bb4 10. c3 Ba5 11. e4 Bh7 12. Qe2 Bb6 13. e5 Ne8 14. b4 c6 15.
Kh1 Nc7 16. Nh4 c5 17. f4 cxb4 18. cxb4 Qe7 19. a3 Nb5 20. Nb3 Rac8 21. f5 Nc3
22. Qd2 d4 23. f6 gxf6 24. exf6 Nxf6 25. Qxh6 Ng4 26. Qf4 f5 27. Rae1 e5 28.
Qd2 Ne3 29. Rf2 Na4 30. Rc1 Qe6 31. Na5 Bxa5 32. bxa5 Qb3 33. Ba1 Qxa3 34. Rff1
Nc5 35. Bd5+ Kh8 36. Bc4 Nxc4 37. dxc4 Ne4 38. Qh6 Rc6 39. Qh5 Qxg3 40. Qxh7+
Kxh7 41. hxg3 Nxg3+ 42. Kg2 Nxf1 43. Rxf1 Rxc4 44. Nxf5 Ra4 45. Rh1+ Kg6 46.
Ne7+ Kf7 47. Nd5 Rxa5 48. Nb4 Rb5 49. Nd3 e4 50. Nf4 Rg5+ 51. Kf2 Ke8 52. Rh4
Rgf5 53. Kg3 d3 54. Nxd3 Rf3+ 55. Kg2 Rg8+ 56. Kh2 exd3 0-1

[Event "Torneo Nazionale A"]
[Site "Fiuggi ITA"]
[Date "2000.10.21"]
[Round "3"]
[White "Massa, Salvenrico"]
[Black "Farina, Saverio"]
[Result "0-1"]
[WhiteElo "1762"]
[BlackElo "2163"]
[PlyCount "38"]
[EventDate "2000.10.20"]

1. c4 e6 2. e3 d5 3. Nf3 c5 4. cxd5 exd5 5. d4 Nf6 6. Be2 Nc6 7. O-O a6 8. dxc5
Bxc5 9. Nc3 O-O 10. a3 Ba7 11. b4 d4 12. exd4 Nxd4 13. Nxd4 Bxd4 14. Bb2 Ne4
15. Rc1 Nd2 16. Re1 Bxf2+ 17. Kxf2 Qd4+ 18. Kg3 g5 19. Bf3 Qh4# 0-1

[Event "Torneo Nazionale A"]
[Site "Fiuggi ITA"]
[Date "2000.10.21"]
[Round "3"]
[White "Santoro, Luca"]
[Black "Chilingirova, Pavlina"]
[Result "1/2-1/2"]
[WhiteElo "1747"]
[BlackElo "2269"]
[PlyCount "65"]
[EventDate "2000.10.20"]

1. d4 d5 2. c4 e6 3. cxd5 exd5 4. Nc3 c6 5. Nf3 Nf6 6. Bg5 Be7 7. Bxf6 Bxf6 8.
e3 Bf5 9. Bd3 Bxd3 10. Qxd3 O-O 11. O-O Nd7 12. b4 a6 13. a4 Nb6 14. a5 Nc8 15.
e4 dxe4 16. Nxe4 Nd6 17. Nxf6+ Qxf6 18. d5 cxd5 19. Qxd5 Rfd8 20. Rac1 Rab8 21.
Qe5 Qxe5 22. Nxe5 Nb5 23. Nf3 g6 24. Rfe1 Rbc8 25. Kf1 Kf8 26. Ne5 Rxc1 27.
Rxc1 Rd4 28. Rc4 Rxc4 29. Nxc4 Nc3 30. Nd6 Nd5 31. Nxb7 Nxb4 32. Ke2 Ke7 33.
Kd2 1/2-1/2

[Event "Torneo Nazionale A"]
[Site "Fiuggi ITA"]
[Date "2000.10.21"]
[Round "3"]
[White "Vigile, Matteo"]
[Black "Spano' Cuomo, Gaetano"]
[Result "1-0"]
[WhiteElo "1771"]
[BlackElo "2035"]
[PlyCount "79"]
[EventDate "2000.10.20"]

1. e4 e5 2. Nf3 Nc6 3. Nc3 d6 4. Bc4 Be7 5. d3 Nf6 6. Ng5 O-O 7. f4 Na5 8. O-O
Nxc4 9. dxc4 Bg4 10. Nf3 exf4 11. Bxf4 Nd7 12. Qd2 Be6 13. Nd5 Bxd5 14. exd5
Bf6 15. Rae1 Bxb2 16. Qb4 Qf6 17. Bg5 Bd4+ 18. Kh1 Qg6 19. Nxd4 Qxg5 20. Qxb7
Rae8 21. Qxc7 Ne5 22. Qxa7 Qh4 23. Nf5 Qf6 24. Qd4 Kh8 25. Ng3 Qh6 26. Nf5 Qh5
27. h3 f6 28. Nxd6 Re7 29. Qf4 Ra8 30. Nf5 Rd7 31. Ng3 Qe8 32. Ne4 Qg6 33. Nc5
Rdd8 34. Ne6 Rdc8 35. c5 Rxa2 36. Rxe5 Rxc2 37. g3 Ra8 38. Nd4 Rxc5 39. Rf5 Ra2
40. Qb8+ 1-0

[Event "Torneo Nazionale A"]
[Site "Fiuggi ITA"]
[Date "2000.10.21"]
[Round "4"]
[White "Ausmins, Elmar"]
[Black "Chilingirova, Pavlina"]
[Result "1-0"]
[WhiteElo "2324"]
[BlackElo "2269"]
[PlyCount "26"]
[EventDate "2000.10.20"]

1. d4 Nf6 2. c4 g6 3. Nc3 Bg7 4. e4 d6 5. Nf3 O-O 6. Be2 c6 7. O-O Nbd7 8. Re1
e6 9. Bf1 Re8 10. d5 cxd5 11. cxd5 Nc5 12. b4 Na6 13. a3 13... Nd7 {...} 1-0

[Event "Torneo Nazionale A"]
[Site "Fiuggi ITA"]
[Date "2000.10.21"]
[Round "4"]
[White "Cetkovic, Sergio"]
[Black "Santoro, Luca"]
[Result "1-0"]
[WhiteElo "2192"]
[BlackElo "1747"]
[PlyCount "71"]
[EventDate "2000.10.20"]

1. e4 c5 2. Nf3 d6 3. Bb5+ Nd7 4. d4 cxd4 5. Nxd4 a6 6. Bc4 Ngf6 7. Nc3 e6 8.
O-O b5 9. Bd3 Bb7 10. a3 Nc5 11. Qe2 Be7 12. Kh1 Rc8 13. f4 d5 14. e5 Nfe4 15.
f5 O-O 16. f6 gxf6 17. Bh6 Kh8 18. Bxf8 Qxf8 19. Bxe4 Nxe4 20. exf6 Bc5 21. Nf3
Nxc3 22. bxc3 Qh6 23. Ne5 Rc7 24. a4 b4 25. Rab1 Bd6 26. Rxb4 Qg5 27. Nf3 Qxf6
28. Rb3 Qf4 29. g3 Qg4 30. Kg2 Kg7 31. Rb4 Qf5 32. Nd4 Qg6 33. Rb6 e5 34. Rxd6
Qe4+ 35. Qxe4 dxe4 36. Nf5+ 1-0

[Event "Torneo Nazionale A"]
[Site "Fiuggi ITA"]
[Date "2000.10.21"]
[Round "4"]
[White "Di Lascio, Savino"]
[Black "Dell'Accio, Cataldo"]
[Result "1-0"]
[WhiteElo "1759"]
[BlackElo "2108"]
[PlyCount "107"]
[EventDate "2000.10.20"]

1. Nf3 g6 2. g3 Bg7 3. Bg2 e5 4. d3 Nc6 5. O-O d6 6. c3 Nf6 7. e4 Bg4 8. h3 Bd7
9. Be3 O-O 10. Qc1 Re8 11. Na3 Qc8 12. Kh2 Nd8 13. Nc2 a5 14. Bh6 Bh8 15. Ng5
Nh5 16. f4 exf4 17. gxf4 f6 18. Nf3 Nf7 19. f5 g5 20. Bxg5 fxg5 21. Nxg5 Be5+
22. Kg1 Ng3 23. Rf2 Nxg5 24. Qxg5+ Kf7 25. d4 Rg8 26. Qe3 Bh8 27. Kh2 Bc6 28.
Rg1 Qe8 29. Bf3 Bxe4 30. Rxg3 Bxf3 31. Qxf3 Rxg3 32. Kxg3 Qe7 33. Qh5+ Kf8 34.
Re2 Qf7 35. Qf3 c6 36. Re6 Re8 37. Qf4 Qg7+ 38. Kf3 Rxe6 39. fxe6+ Ke7 40. Ne3
Kxe6 41. d5+ Kd7 42. dxc6+ bxc6 43. Qf5+ Ke7 44. Qxa5 Qf8+ 45. Ke2 Qc8 46. Qh5
Qg8 47. a4 Kd8 48. Qa5+ Kd7 49. Qa7+ Ke6 50. Qb7 Qe8 51. Qxh7 Be5 52. Qf5+ Ke7
53. Nc4 Qb8 54. Ke3 1-0